| 000 | 00000cam 2200000zi 4500 |
| 001 | 9.955392 |
| 003 | CaOODSP |
| 005 | 20260603145832 |
| 006 | m o d f |
| 007 | cr bn||||||||| |
| 008 | 250916t20252025onc ob f000 0 fre d |
| 020 | |a9780660789927 |
| 040 | |aCaOODSP|bfre|erda|cCaOODSP |
| 043 | |an-cn--- |
| 086 | 1 |aBT39-88/2025F-PDF |
| 245 | 00|aAvis de mise en œuvre sur la protection des renseignements personnels 2025-02 : |butilisation du formulaire en ligne des évaluations des facteurs relatifs à la vie privée du Commissariat à la protection de la vie privée du Canada. |
| 246 | 13|aUtilisation du formulaire en ligne des évaluations des facteurs relatifs à la vie privée du Commissariat à la protection de la vie privée du Canada |
| 264 | 1|aOttawa, Ontario : |bSecrétariat du Conseil du trésor du Canada = Treasury Board of Canada Secretariat, |c2025. |
| 264 | 4|c©2025 |
| 300 | |a1 ressource en ligne (6 pages non numérotées). |
| 336 | |atexte|btxt|2rdacontent/fre |
| 337 | |ainformatique|bc|2rdamedia/fre |
| 338 | |aressource en ligne|bcr|2rdacarrier/fre |
| 490 | 0 |aAvis de mise en œuvre sur la protection des renseignements personnels ; |v2025-02 |
| 500 | |aTitre de la couverture. |
| 500 | |aPublié aussi en anglais sous le titre : Privacy implementation notice 2025-02 : use of the Office of the Privacy Commissioner's privacy impact assessment online form. |
| 500 | |a« Publié : le 2025-07-07. » |
| 504 | |aComprend des références bibliographiques (page [6]). |
| 650 | 6|aDroit à la vie privée|xPolitique gouvernementale|zCanada. |
| 650 | 6|aProtection de l'information (Informatique)|xPolitique gouvernementale|zCanada. |
| 710 | 1 |aCanada. |bConseil du trésor, |eorganisme de publication. |
| 775 | 08|tPrivacy implementation notice 2025-02 : |w(CaOODSP)9.955391 |
| 856 | 40|qPDF|s377 Ko|uhttps://publications.gc.ca/collections/collection_2026/sct-tbs/BT39-88-2025-fra.pdf |
| 856 | 4 |qHTML|sS.O.|uhttps://www.canada.ca/fr/secretariat-conseil-tresor/services/acces-information-protection-renseignements-personnels/avis-mise-acces-information-protection-renseignements-personnels/avis-protection-renseignements-personnels-2025-02.html |